| 000 | 00923cab a2200253 4500 | ||
|---|---|---|---|
| 001 | ABS49596 | ||
| 008 | 090401t1993 xxu||||| |||| 00| 0 eng d | ||
| 035 | _a(Sirsi) u71891 | ||
| 041 | _aeng | ||
| 100 | _aDodd, J. | ||
| 245 | _aBuilding below ground | ||
| 260 | _c1993 | ||
| 350 | _a0 | ||
| 490 |
_aArchitects` Journal _v198(16) 27 October 1993, 33-34(2) |
||
| 520 | _aWhile earth sheltered development has not proved popular in the UK, the British Earth Sheltered Association continues to promote the benefits of underground buildings. Reports on the Cumbria Visitor Centre near Penrith, which has been built underground. | ||
| 650 | _aBRITISH EARTH SHELTERED ASSOCIATION | ||
| 650 | _aEARTH SHELTERED BUILDING | ||
| 650 | _aENERGY CONSERVATION | ||
| 650 | _aUNDERGROUND BUILDINGS | ||
| 690 | _aBUILT ENVIRONMENT-CONSTRUCTION DESIGN | ||
| 690 |
_aEnvironment _96238 |
||
| 942 | _n0 | ||
| 948 | _c04/03/1997 | ||
| 999 |
_c45344 _d45344 |
||